| 000 | 01058aam a2200433 4500 | ||
|---|---|---|---|
| 005 | 20251128194948.0 | ||
| 008 | 150824b2009 xxu||||| |||| 00| 0 spa d | ||
| 020 | _a9789701068885 | ||
| 041 | _aESP | ||
| 082 | _a540 R813q | ||
| 100 |
_aRosenberg, Jerome L. _919405 |
||
| 100 |
_aEpstein, Lawrence M. _919406 |
||
| 100 |
_aKrieger, Peter J. _919407 |
||
| 245 | _aQuímica | ||
| 260 | _aMéxico | ||
| 260 | _bMcGraw-Hill | ||
| 260 | _c2009 | ||
| 300 | _a387 páginas | ||
| 440 | _aSerie Schaum | ||
| 490 | _aGestión de Calidad | ||
| 490 | _aMecánica Dental | ||
| 490 | _aElectrónica | ||
| 650 | _aQUÍMICA | ||
| 650 | _aÁTOMOS | ||
| 650 | _aECUACIONES QUÍMICAS | ||
| 650 | _aMEDICIÓN DE GASES | ||
| 650 | _aTERMOQUÍMICA | ||
| 650 | _aTERMODINÁMICA | ||
| 650 | _aESTRUCTURA ÁTOMICA | ||
| 650 | _aENLACES QUÍMICOS | ||
| 650 | _aBIOQUÍMICA | ||
| 650 | _aPROPIEDADES QUÍMICAS | ||
| 650 | _aQUÍMICA ORGÁNICA | ||
| 650 | _aELECTROQUÍMICA | ||
| 942 |
_cBK _2ddc |
||
| 999 |
_c655 _d655 |
||